000 00290nam a2200121Ia 4500
008 241014s9999||||xx |||||||||||||| ||und||
020 _a81-261-2723-6
100 _aTyagi,Darshna
245 0 _aMedical Anthropology
260 _bAnmol Publications
_c2006
300 _a369
942 _bION
_cBK
999 _c18478
_d18478